| 000 | 01062nam0a22002651 4500 | ||
|---|---|---|---|
| 001 | RU\INFOCOMM_327\NLR\5000086875 | ||
| 005 | 20250614080946.0 | ||
| 035 | _a(NLR Aleph) 010623774 | ||
| 090 |
_a10611740 _c10611740 |
||
| 100 | _a20130328d1986 |||y0rusy50 ca | ||
| 101 | 0 | _aeng | |
| 102 | _aRU | ||
| 105 | _ay z|||| | ||
| 200 | 1 |
_aRules for the convention equipment of sea-going ships _eRules for the cargo handling gear of sea-going ships _eLoad line rules for sea-going ships _fUSSR Reg. of shipping |
|
| 210 |
_aL. _cURSS Reg. of shipping _aM. _cMortekhinformreklama _d1986 |
||
| 215 |
_a274 с., [1] л. карт. _cкарт., ил. _d27 см |
||
| 300 | _a"The present ed. incl., as compared to the 1982 Rules, add. a. amend. contained in Notice N 1 (1982), Notice N 2 (1983), a. Notice N 3 (1984)" | ||
| 620 | _aСанкт-Петербург | ||
| 686 |
_aТвт-258я82(2) _2rubbk |
||
| 686 |
_a[О424.1я82(2)] _2rubbk |
||
| 801 | 1 |
_aRU _bInfocomm _c20130328 |
|
| 801 | 0 |
_aRU _bINFOCOMM _gPSBO |
|
| 852 |
_aNLR _jТ91 Д-7/78 |
||
| 942 | _cBOOK | ||
| 980 | _aNB | ||